| 000 | 00648nam a22001817a 4500 | ||
|---|---|---|---|
| 999 |
_c63330 _d63330 |
||
| 005 | 20250917184056.0 | ||
| 008 | 250917s2006 gw ||||| |||| 00| 0 goh d | ||
| 020 | _a978-3423033473 | ||
| 041 | _agoh | ||
| 080 | _a821.112.2.09 R-59 | ||
| 100 |
_aRinsum, Wolfgang _925833 |
||
| 245 |
_aDeutsche Literaturgeschichte : _b Band 7: Realismus und Naturalismus / _cWolfgang van Rinsum. |
||
| 264 |
_aMunchen : _bDeutscher Taschenbuch Verlag, _c2006. |
||
| 300 |
_a368 p.; _b19 cm. |
||
| 653 | _aგერმანული ლიტერატურის ისტორია | ||
| 653 | _aრეალიზმი | ||
| 942 |
_2udc _cᲬᲘᲒᲜᲘ |
||